Apuntes acerca del valor expresivo de fonos y fonemas para el análisis fonoestilístico del texto poético / /
La fonoestilística se refiere a los recursos para dar expresividad al discurso: el acento, la entonación,la pertenencia vocálica y/o consonántica, la aliteración, pero esta expresividad fónica se halla subordinada a la estrecha relación que existe entre el sonido, el contenido semántico de la palab...
Salvato in:
| Autore principale: | |
|---|---|
| Natura: | Libro |
| Lingua: | Spanish |
| Pubblicazione: |
La Habana, Cuba:
Instituto Cubano del Libro,
1974-
|
| Soggetti: | |
| Tags: |
Aggiungi Tag
Nessun Tag, puoi essere il primo ad aggiungerne!!
|
MARC
| LEADER | 00000nam a22000007a 4500 | ||
|---|---|---|---|
| 008 | 140930s2009 cu ||||| |||| 00| b|spa d | ||
| 022 | |a 0047-1542 | ||
| 040 | |a CIICLA | ||
| 082 | |a Isla: revista | ||
| 100 | 1 | |a Garcés Pérez, Mercedes | |
| 245 | 1 | 0 | |a Apuntes acerca del valor expresivo de fonos y fonemas para el análisis fonoestilístico del texto poético / / |c Mercedes Garcés Pérez |
| 260 | |a La Habana, Cuba: |b Instituto Cubano del Libro, |c 1974- | ||
| 300 | |a páginas 111-124 | ||
| 520 | |a La fonoestilística se refiere a los recursos para dar expresividad al discurso: el acento, la entonación,la pertenencia vocálica y/o consonántica, la aliteración, pero esta expresividad fónica se halla subordinada a la estrecha relación que existe entre el sonido, el contenido semántico de la palabra y la significación de la oración. | ||
| 650 | 1 | 4 | |a FONOLOGIA |
| 650 | 1 | 4 | |a ESTILO LITERARIO |
| 773 | 0 | |g Número 52 (163): 111-124 ; enero - abril, 2010 |q 111-124 |t Islas : revista de la Universidad Central de Las Villas, Santa Clara, Cuba. | |
| 942 | |2 ddc |c ARC | ||
| 999 | |c 3545 |d 3545 | ||
